Lịch sử kiến thức toán học ở trường phổ thông
Nội dung sách gồm ba chương: Lịch sử phát triển toán học; Lịch sử các chủ đề kiến thức môn toán ở trường phổ thông; chân dung một số nhà toán học của kiến thức toán ở trường phổ thông....
Đã lưu trong:
| 主要作者: | |
|---|---|
| 格式: | 圖書 |
| 語言: | Undetermined |
| 出版: |
Hà Nội
Nxb. Đại học Sư phạm
2013
|
| 主題: | |
| 標簽: |
添加標簽
沒有標簽, 成為第一個標記此記錄!
|
| Thư viện lưu trữ: | Trung tâm Học liệu Trường Đại học Cần Thơ |
|---|
| LEADER | 01003nam a2200217Ia 4500 | ||
|---|---|---|---|
| 001 | CTU_202378 | ||
| 008 | 210402s9999 xx 000 0 und d | ||
| 020 | |c 43000 | ||
| 082 | |a 510.712 | ||
| 082 | |b Tr513 | ||
| 100 | |a Trần, Trung | ||
| 245 | 0 | |a Lịch sử kiến thức toán học ở trường phổ thông | |
| 245 | 0 | |c Trần Trung, Nguyễn Chiến Thắng | |
| 260 | |a Hà Nội | ||
| 260 | |b Nxb. Đại học Sư phạm | ||
| 260 | |c 2013 | ||
| 520 | |a Nội dung sách gồm ba chương: Lịch sử phát triển toán học; Lịch sử các chủ đề kiến thức môn toán ở trường phổ thông; chân dung một số nhà toán học của kiến thức toán ở trường phổ thông. | ||
| 650 | |a Mathematics,Toán học | ||
| 650 | |x Study and teaching (Secondary),Học và dạy (trung học) | ||
| 904 | |i Tuyến | ||
| 980 | |a Trung tâm Học liệu Trường Đại học Cần Thơ | ||